Vista normal
Vista MARC
- Cuentos infantiles españoles
Entrada Materia
Número de registros utilizados en: 549
001 - NÚMERO DE CONTROL DEL REGISTRO
- campo de control: 7725
003 - IDENTIFICADOR DE NUMERO DE CONTROL
- campo de control: UPN
005 - FECHA Y HORA DE LA ÚLTIMA TRANSACCIÓN
- campo de control: 20240830105937.0
008 - DATOS DE LONGITUD FIJA
- campo de control de longitud fija: 220907nn acnnnbabn n ana d
035 ## - NÚMERO DE CONTROL DEL SISTEMA
- Número de control del sistema: UPN10000007730
040 ## - FUENTE DE LA CATALOGACIÓN
- Lengua de catalogación: SPA
- Agencia de transcripción: UPN
- Centro catalogador de origen: UPN
046 ## - FECHAS CON CODIFICACIÓN ESPECIAL
- Fecha final para contenidos agregados: 2022
150 ## - ENCABEZAMIENTO - TEMÁTICO
- Término de materia o nombre geográfico como elemento inicial: Cuentos infantiles españoles
670 ## - FUENTE EN LA QUE SE LOCALIZARON DATOS
- Cita de la fuente: E
- Información localizada: Cuentos infantiles africanos
902 ## - CATALOGADOR
- Catalogador: MEEG/051007